000 00606nam a2200181Ia 4500
008 090123s9999 xx 000 0 und d
082 _b35969
100 _aकामत विठ्ठल
245 _a"इडली,ऑर्किड आणि मी"
250 _a0
260 _bमॅजेस्टिक प्रकाशन
_c2003
300 _a191
600 _aकामत विठ्ठल
630 _a"इडली,ऑर्किड आणि मी"
700 _aकामत विठ्ठल
730 _a"इडली,ऑर्किड आणि मी"
942 _cBOOK
999 _c74036
_d74036